[Event "Eindhoven WLC op 15th"]
[Site "Eindhoven"]
[Date "2025.05.17"]
[Round "3"]
[White "Grooten, Tommy"]
[Black "Darie, Aden"]
[Result "1-0"]
[WhiteElo "2261"]
[BlackElo "1905"]
[PlyCount "63"]
[EventDate "2025.05.16"]
[EventType "swiss"]
[EventRounds "6"]
[EventCountry "NED"]
[SourceTitle "CB21_2025"]
[SourceDate "2025.05.21"]
[SourceVersion "1"]
[SourceVersionDate "2025.05.21"]
[SourceQuality "1"]

1. Nf3 e6 2. c4 b6 3. g3 Bb7 4. Bg2 f5 5. 0-0 Nf6 6. d4 Be7 7. d5 0-0 8. Nd4 Qc8 9. Nc3 Na6 10. a3 Nc5 11. f3 a5 12. e4 g6 13. e5 Ne8 14. f4 Ng7 15. Be3 a4 16. Qc2 d6 17. Rad1 Rd8 18. Na2 dxe5 19. fxe5 Ne4 20. Nc3 Nxc3 21. Qxc3 Bc5 22. Nb5 Bxe3+ 23. Qxe3 Ne8 24. g4 exd5 25. gxf5 d4 26. Qg5 Bxg2 27. Qxg2 c6 28. Nxd4 Rd7 29. Nxc6 g5 30. f6 Kh8 31. Rxd7 Qxd7 32. f7 1-0

[Event "Delft OGD Rapid op 24th"]
[Site "Delft"]
[Date "2025.03.15"]
[Round "7"]
[White "Grooten, Tommy"]
[Black "Giri, Anish"]
[Result "0-1"]
[WhiteElo "2200"]
[BlackElo "2737"]
[PlyCount "108"]
[EventDate "2025.03.15"]
[EventType "swiss (rapid)"]
[EventRounds "7"]
[EventCountry "NED"]
[SourceTitle "CB12_2025"]
[SourceDate "2025.03.19"]
[SourceVersion "1"]
[SourceVersionDate "2025.03.19"]
[SourceQuality "1"]

1. Nf3 Nf6 2. c4 b6 3. g3 Bb7 4. Bg2 g6 5. 0-0 Bg7 6. Nc3 c5 7. d3 0-0 8. Bd2 d5 9. cxd5 Nxd5 10. Nxd5 Qxd5 11. Qc2 Nc6 12. Bc3 Rac8 13. Bxg7 Kxg7 14. Qc3+ f6 15. a3 Rfd8 16. h4 Nd4 17. Rfe1 Qd6 18. Nxd4 cxd4 19. Qd2 Bxg2 20. Kxg2 Rc5 21. Rac1 Rdc8 22. Rxc5 Rxc5 23. Kg1 Qc7 24. e3 dxe3 25. Rxe3 e5 26. h5 gxh5 27. Re4 Rc1+ 28. Kg2 Qc6 29. Qe3 Kg6 30. d4 f5 31. d5 Qxd5 32. Qxc1 Qxe4+ 33. Kg1 h4 34. gxh4 Qxh4 35. Qc7 Qg4+ 36. Kf1 Qd1+ 37. Kg2 Qd5+ 38. Kg1 Qd4 39. Qxa7 Qxb2 40. Qb8 Qc1+ 41. Kg2 Qc6+ 42. Kg1 Qe6 43. a4 Kh5 44. Qd8 e4 45. a5 bxa5 46. Qxa5 h6 47. Qc3 Qg6+ 48. Kf1 Qa6+ 49. Kg2 Qd3 50. Qc8 Qf3+ 51. Kg1 Kh4 52. Qe6 h5 53. Qd6 e3 54. Qe7+ Kh3 0-1

[Event "Groningen op 60th"]
[Site "Groningen"]
[Date "2024.12.28"]
[Round "7"]
[White "Grooten, Tommy"]
[Black "Dolzhikova, Kateryna"]
[Result "0-1"]
[WhiteElo "2153"]
[BlackElo "2322"]
[PlyCount "48"]
[EventDate "2024.12.21"]
[EventType "swiss"]
[EventRounds "9"]
[EventCountry "NED"]
[SourceTitle "CB02_2025"]
[SourceDate "2025.01.08"]
[SourceVersion "1"]
[SourceVersionDate "2025.01.08"]
[SourceQuality "1"]

1. Nf3 Nf6 2. c4 g6 3. b4 a5 4. b5 Bg7 5. Bb2 a4 6. a3 c6 7. Nc3 Qa5 8. Qc2 0-0 9. e4 Rd8 10. d4 d5 11. cxd5 cxd5 12. e5 Nh5 13. g3 f6 14. 0-0-0 Bg4 15. Be2 e6 16. h3 Bxf3 17. Bxf3 fxe5 18. dxe5 Nd7 19. Kb1 Nxe5 20. Bxh5 gxh5 21. Qe2 Nc4 22. Nxd5 Nxb2 23. Ne7+ Kh8 24. Rxd8+ Qxd8 0-1

[Event "Hoogeveen op 27th"]
[Site "Hoogeveen"]
[Date "2024.11.01"]
[Round "8"]
[White "Grooten, Tommy"]
[Black "Bakija, Alan"]
[Result "1/2-1/2"]
[WhiteElo "2067"]
[BlackElo "2192"]
[PlyCount "100"]
[EventDate "2024.10.26"]
[EventType "swiss"]
[EventRounds "9"]
[EventCountry "NED"]
[SourceTitle "CB45_2024"]
[Source "ChessBase"]
[SourceDate "2024.11.06"]
[SourceVersion "1"]
[SourceVersionDate "2024.11.06"]
[SourceQuality "1"]

1. d4 d5 2. c4 c6 3. Nf3 Nf6 4. Nc3 dxc4 5. a4 Bf5 6. e3 e6 7. Bxc4 Bb4 8. 0-0 0-0 9. Qe2 Bg6 10. Ne5 Nbd7 11. Nxg6 hxg6 12. Rd1 Qc7 13. e4 e5 14. Na2 Bd6 15. d5 cxd5 16. Bxd5 Nxd5 17. Rxd5 Nb6 18. Rd1 Nxa4 19. Be3 Rfd8 20. Rac1 Qe7 21. Qb5 Qd7 22. Qxd7 Rxd7 23. b3 Nb6 24. Bxb6 axb6 25. Nc3 Rc7 26. Na4 Rxc1 27. Rxc1 Bc5 28. g3 Bd4 29. Rc7 Ra5 30. Nc3 Ra3 31. Nb5 Ra1+ 32. Kg2 Bc5 33. Rxb7 Rb1 34. Na7 Rxb3 35. Nc6 Rb2 36. Nxe5 Rxf2+ 37. Kh3 Bd4 38. Nc6 Be3 39. Ne7+ Kh7 40. Nd5 Bd4 41. Rb8 Rb2 42. Rb7 f6 43. Nf4 f5 44. Ne6 Bg1 45. g4 fxg4+ 46. Kxg4 Rg2+ 47. Kf3 Rxh2 48. Rxg7+ Kh6 49. Rg8 Kh7 50. Rg7+ Kh6 1/2-1/2

[Event "Hoogeveen op 27th"]
[Site "Hoogeveen"]
[Date "2024.10.26"]
[Round "1"]
[White "Grooten, Tommy"]
[Black "Ritzerveld, Noah"]
[Result "0-1"]
[WhiteElo "2067"]
[BlackElo "2281"]
[PlyCount "114"]
[EventDate "2024.10.26"]
[EventType "swiss"]
[EventRounds "9"]
[EventCountry "NED"]
[SourceTitle "CB45_2024"]
[Source "ChessBase"]
[SourceDate "2024.11.06"]
[SourceVersion "1"]
[SourceVersionDate "2024.11.06"]
[SourceQuality "1"]

1. e4 e5 2. Nf3 Nc6 3. Bb5 a6 4. Ba4 Nf6 5. 0-0 Be7 6. Re1 b5 7. Bb3 d6 8. c3 0-0 9. h3 Na5 10. Bc2 c5 11. d4 Nd7 12. d5 Nb6 13. Nbd2 c4 14. Nf1 Nb7 15. Be3 Qc7 16. g4 h5 17. gxh5 Bxh3 18. Ng3 Bg4 19. Kg2 Nc5 20. Rh1 f5 21. Nxf5 Bxf5 22. exf5 e4 23. Nh4 Bxh4 24. Rxh4 Rxf5 25. Qg4 Raf8 26. Rg1 Nxd5 27. Bd4 Rf4 28. Qg5 R8f5 29. Qg3 Rxh4 30. Qxh4 Rxh5 31. Qg4 Qd7 32. Qxd7 Nxd7 33. Bxe4 N7f6 34. Bc2 Rg5+ 35. Kf1 Rxg1+ 36. Kxg1 Nf4 37. Kf1 Kf7 38. Bf5 Ne6 39. Be3 g6 40. Bc2 Nd5 41. Ke2 Kf6 42. a4 Ke5 43. Kd2 g5 44. axb5 axb5 45. b3 Nxe3 46. Kxe3 Nc5 47. b4 Nb7 48. Bg6 d5 49. Be8 Nd6 50. Bd7 Ne4 51. Bxb5 Nxc3 52. Ba6 Na4 53. Bb7 d4+ 54. Kd2 Nb6 55. b5 Nd5 56. f3 d3 57. Bc8 Kd4 0-1

[Event "EU-ch U14"]
[Site "Prague"]
[Date "2024.08.24"]
[Round "3"]
[White "Guretchii, Kirill"]
[Black "Grooten, Tommy"]
[Result "0-1"]
[WhiteElo "2034"]
[BlackElo "2146"]
[PlyCount "60"]
[EventDate "2024.08.22"]
[EventType "swiss"]
[EventRounds "9"]
[EventCountry "CZE"]
[SourceTitle "CBM 221 Extra"]
[Source "ChessBase"]
[SourceDate "2024.09.30"]
[SourceVersion "1"]
[SourceVersionDate "2024.09.30"]
[SourceQuality "1"]

1. d4 Nf6 2. c4 e6 3. Nf3 c5 4. d5 exd5 5. cxd5 d6 6. Nc3 g6 7. Nd2 Bg7 8. e4 0-0 9. Be2 Na6 10. 0-0 Nc7 11. Re1 a6 12. a4 Rb8 13. a5 Bd7 14. Qb3 Ng4 15. h3 Nxf2 16. Kxf2 Qh4+ 17. Kf1 Bxh3 18. Nd1 Bxg2+ 19. Kxg2 Qxe1 20. Qd3 Be5 21. Nc4 Bd4 22. Nde3 Rbe8 23. Rb1 f5 24. Bd2 Qh4 25. exf5 Nxd5 26. Ng4 Rxf5 27. Nh6+ Kh8 28. Nxf5 gxf5 29. Bf3 Rg8+ 30. Kf1 Qf2# 0-1

[Event "EU-ch U14"]
[Site "Prague"]
[Date "2024.08.23"]
[Round "2"]
[White "Grooten, Tommy"]
[Black "Popov, Roman4"]
[Result "1-0"]
[WhiteElo "2146"]
[BlackElo "1962"]
[PlyCount "193"]
[EventDate "2024.08.22"]
[EventType "swiss"]
[EventRounds "9"]
[EventCountry "CZE"]
[SourceTitle "CBM 221 Extra"]
[Source "ChessBase"]
[SourceDate "2024.09.30"]
[SourceVersion "1"]
[SourceVersionDate "2024.09.30"]
[SourceQuality "1"]

1. d4 d5 2. c4 c5 3. Nc3 Nf6 4. e3 cxd4 5. exd4 g6 6. Nf3 Bg7 7. Be2 dxc4 8. Bxc4 0-0 9. 0-0 a6 10. a4 Nbd7 11. Ba2 Nb6 12. d5 Bf5 13. Re1 Rc8 14. h3 Re8 15. Nd4 Bd7 16. Bb3 Nc4 17. Qd3 Qc7 18. Re2 Ne5 19. Qd1 Rcd8 20. Rc2 Bf5 21. Nxf5 gxf5 22. Bf4 Qb6 23. Rd2 Ng6 24. a5 Qc5 25. Be3 Qd6 26. Bb6 Rc8 27. Qf3 Nd7 28. Na4 Qf4 29. Qxf4 Nxf4 30. Be3 Ng6 31. Nb6 Nxb6 32. Bxb6 Ne5 33. Re1 Kf8 34. Ba4 Nc4 35. Rde2 Nxb6 36. Bxe8 Nxd5 37. Bd7 Rc7 38. Bxf5 h5 39. Rc2 Rxc2 40. Bxc2 Bxb2 41. Be4 Nf6 42. Bxb7 Bc3 43. Re2 Bxa5 44. Bxa6 Bb4 45. Bb7 Bd6 46. Ra2 Kg7 47. Bf3 Kg6 48. h4 Kh6 49. g3 Kg6 50. Ra5 Kh6 51. Kf1 Bb4 52. Rb5 Bd6 53. Ke2 Kg6 54. Rg5+ Kh6 55. Kd3 Ba3 56. Kc4 Bd6 57. Kd4 Bb4 58. Ke3 Ba3 59. Kd3 Bb4 60. Ke2 Ba3 61. Kf1 Bd6 62. Bd1 Bc7 63. Rf5 Kg6 64. Bc2 Kg7 65. Bb3 e6 66. Rb5 Bd6 67. Rb7 Kg6 68. Bc2+ Kg7 69. Rb5 Kh6 70. Kg2 Kg7 71. f3 Nd5 72. Be4 Nf6 73. Kh3 Kh6 74. Bb7 Ne8 75. Bc6 Ng7 76. g4 f6 77. Be4 Bf4 78. Rc5 Be3 79. Ra5 Bf4 80. Rb5 Be3 81. Kg3 Bd2 82. Kh3 Bf4 83. Ra5 Be3 84. Ra8 f5 85. gxf5 exf5 86. Bd3 Bd4 87. Ra6+ Kh7 88. Rd6 Bc3 89. Rc6 Bd4 90. Kg3 Be5+ 91. Kf2 Bd4+ 92. Ke2 Bb2 93. Ke3 Be5 94. Rc5 Bg3 95. Bxf5+ Kg8 96. Bg6 Bf4+ 97. Ke4 1-0

[Event "Vlissingen HZ op 26th"]
[Site "Vlissingen"]
[Date "2024.08.07"]
[Round "6"]
[White "Grooten, Tommy"]
[Black "Hoffman, Ron"]
[Result "1/2-1/2"]
[WhiteElo "2146"]
[BlackElo "1997"]
[PlyCount "45"]
[EventDate "2024.08.03"]
[EventType "swiss"]
[EventRounds "9"]
[EventCountry "NED"]
[SourceTitle "CBM 221 Extra"]
[Source "ChessBase"]
[SourceDate "2024.09.30"]
[SourceVersion "1"]
[SourceVersionDate "2024.09.30"]
[SourceQuality "1"]

1. d4 f5 2. g3 Nf6 3. Bg2 g6 4. c4 Bg7 5. Nf3 0-0 6. 0-0 d6 7. Nc3 c6 8. d5 e5 9. dxe6 Bxe6 10. Qd3 Re8 11. Ng5 Bc8 12. Rd1 h6 13. Nh3 Be6 14. c5 d5 15. Be3 Nbd7 16. Bd4 Qe7 17. b4 b6 18. Na4 Bf7 19. e3 b5 20. Nc3 a5 21. a3 Ne5 22. Qc2 a4 23. Nf4 1/2-1/2

[Event "Vlissingen HZ op 26th"]
[Site "Vlissingen"]
[Date "2024.08.03"]
[Round "1"]
[White "Quintus, Max"]
[Black "Grooten, Tommy"]
[Result "1/2-1/2"]
[WhiteElo "1846"]
[BlackElo "2146"]
[PlyCount "131"]
[EventDate "2024.08.03"]
[EventType "swiss"]
[EventRounds "9"]
[EventCountry "NED"]
[SourceTitle "CBM 221 Extra"]
[Source "ChessBase"]
[SourceDate "2024.09.30"]
[SourceVersion "1"]
[SourceVersionDate "2024.09.30"]
[SourceQuality "1"]

1. d4 Nf6 2. Nf3 g6 3. c4 c5 4. d5 b5 5. cxb5 a6 6. e3 Bg7 7. Nc3 0-0 8. a4 axb5 9. Bxb5 Bb7 10. e4 d6 11. 0-0 Na6 12. Re1 Nc7 13. Bc4 Nd7 14. Be3 Kh8 15. Qd2 f5 16. exf5 Rxf5 17. Bh6 Qf8 18. Bxg7+ Qxg7 19. Qe2 Re8 20. Nb5 Nxd5 21. Bxd5 Bxd5 22. Nxd6 exd6 23. Qxe8+ Nf8 24. a5 Qf6 25. Qe7 Rxf3 26. Qxf6+ Rxf6 27. a6 Ne6 28. Rad1 Nd4 29. a7 Kg7 30. Re8 Rf8 31. Rde1 Nf5 32. Rb8 Kf7 33. Rd1 Nd4 34. Ra1 Ba8 35. Ra6 Nc6 36. Rab6 Nxb8 37. axb8Q Rxb8 38. Rxb8 Be4 39. f3 Bc2 40. Rb7+ Ke6 41. Rxh7 Ke5 42. Kf2 Kd4 43. Ke2 Bd3+ 44. Kd2 c4 45. Rd7 Ke5 46. Rd8 d5 47. g3 d4 48. b4 Bf1 49. f4+ Ke4 50. Rd6 c3+ 51. Kc2 Bd3+ 52. Kc1 Ke3 53. Re6+ Be4 54. b5 d3 55. Rxe4+ Kxe4 56. b6 Ke3 57. b7 d2+ 58. Kc2 Ke2 59. b8Q d1Q+ 60. Kxc3 Qd3+ 61. Kb2 Kf1 62. Qb3 Qd2+ 63. Qc2 Qb4+ 64. Kc1 Qa3+ 65. Kd2 Kg2 66. Ke1+ 1/2-1/2

[Event "Dutch op"]
[Site "Velp"]
[Date "2024.07.30"]
[Round "7"]
[White "Grooten, Tommy"]
[Black "Odendahl, Reiner"]
[Result "1/2-1/2"]
[WhiteElo "2146"]
[BlackElo "2274"]
[PlyCount "45"]
[EventDate "2024.07.23"]
[EventType "swiss"]
[EventRounds "9"]
[EventCountry "NED"]
[SourceTitle "EXT 2025"]
[Source "ChessBase"]
[SourceDate "2024.10.14"]
[SourceVersion "1"]
[SourceVersionDate "2024.10.14"]
[SourceQuality "1"]

1. d4 e6 2. c4 c5 3. d5 exd5 4. cxd5 d6 5. Nc3 g6 6. Nf3 a6 7. a4 Bg7 8. Nd2 Nd7 9. e4 Ne7 10. Be2 0-0 11. 0-0 f5 12. Nc4 Ne5 13. Nxe5 Bxe5 14. Bc4 f4 15. Be2 Kh8 16. Nb1 g5 17. Nd2 Ng6 18. Bg4 Bf6 19. Nc4 Ne5 20. Nxe5 Bxe5 21. Ra3 Qf6 22. Rb3 Rf7 23. Qe2 1/2-1/2

[Event "Dutch op"]
[Site "Velp"]
[Date "2024.07.29"]
[Round "6"]
[White "Grooten, Tommy"]
[Black "Kurt, Sascha"]
[Result "1/2-1/2"]
[WhiteElo "2146"]
[BlackElo "2071"]
[PlyCount "141"]
[EventDate "2024.07.23"]
[EventType "swiss"]
[EventRounds "9"]
[EventCountry "NED"]
[SourceTitle "EXT 2025"]
[Source "ChessBase"]
[SourceDate "2024.10.14"]
[SourceVersion "1"]
[SourceVersionDate "2024.10.14"]
[SourceQuality "1"]

1. Nf3 Nf6 2. c4 g6 3. b4 Bg7 4. Bb2 d6 5. g3 a5 6. a3 axb4 7. axb4 Rxa1 8. Bxa1 0-0 9. Bg2 c6 10. 0-0 d5 11. cxd5 cxd5 12. Qb3 Na6 13. Bxf6 Bxf6 14. d4 Qb6 15. Nc3 e6 16. b5 Nc7 17. e3 Bd7 18. Rb1 Ra8 19. Bf1 Qa5 20. Nd2 b6 21. Rb2 Qa3 22. Ra2 Qxb3 23. Rxa8+ Nxa8 24. Nxb3 Nc7 25. Na1 Be7 26. Nc2 f5 27. f4 Kf7 28. Kf2 Ke8 29. Ke1 Kd8 30. Kd1 Kc8 31. Kc1 Ne8 32. Kb2 Nd6 33. Kb3 Kc7 34. Ne1 Bf6 35. Bd3 Be8 36. Nf3 Nf7 37. h4 h5 38. Be2 Kb7 39. Ka4 Kc7 40. Ng5 Nxg5 41. hxg5 Be7 42. Nb1 Bd6 43. Bf3 Bf7 44. Nc3 Kd7 45. Bg2 Bc7 46. Na2 Bd6 47. Bf3 Kc7 48. Nc1 Kd7 49. Nb3 Kc7 50. Be2 Be8 51. Bf1 Bf7 52. Bg2 Kd7 53. Bh1 Kc7 54. Nc1 Kd7 55. Nd3 Kc7 56. Ne1 Kd7 57. Ng2 Ke7 58. Nh4 Kf8 59. Nf3 Ke7 60. Bg2 Be8 61. Ne5 Bxe5 62. dxe5 Bf7 63. Bf3 Kd7 64. Be2 Kc7 65. Bd3 Be8 66. Ka3 Kd8 67. Ka2 Ke7 68. Ka1 Kf8 69. Kb2 Ke7 70. Kc3 Bd7 71. Kd4 1/2-1/2

[Event "Dutch op"]
[Site "Velp"]
[Date "2024.07.26"]
[Round "4"]
[White "Grooten, Tommy"]
[Black "Hng, Mei Xian Eunice"]
[Result "1-0"]
[WhiteElo "2146"]
[BlackElo "2036"]
[PlyCount "67"]
[EventDate "2024.07.23"]
[EventType "swiss"]
[EventRounds "9"]
[EventCountry "NED"]
[SourceTitle "EXT 2025"]
[Source "ChessBase"]
[SourceDate "2024.10.14"]
[SourceVersion "1"]
[SourceVersionDate "2024.10.14"]
[SourceQuality "1"]

1. d4 Nf6 2. c4 e6 3. Nc3 c5 4. d5 exd5 5. cxd5 d6 6. Nf3 g6 7. Nd2 Bg7 8. e4 0-0 9. Be2 a6 10. a4 Re8 11. 0-0 b6 12. Qc2 Nbd7 13. f4 Qc7 14. Kh1 Bb7 15. Nc4 Bf8 16. Bf3 Qb8 17. Bd2 b5 18. axb5 axb5 19. Nxb5 Bxd5 20. Nbxd6 Bxd6 21. Nxd6 Rxa1 22. Rxa1 Qxd6 23. exd5 Nxd5 24. Qd3 N7f6 25. h3 Rd8 26. b3 Qf8 27. Qe2 Nb4 28. Bc3 Nfd5 29. Bb2 Nc6 30. Qc4 Ncb4 31. Ra5 Qd6 32. Rxc5 Qxf4 33. Bxd5 Nxd5 34. Rxd5 1-0

[Event "Helmond Rapid op"]
[Site "Helmond"]
[Date "2024.06.15"]
[Round "7"]
[White "Zhang, Xiheng"]
[Black "Grooten, Tommy"]
[Result "0-1"]
[WhiteElo "1786"]
[BlackElo "2116"]
[PlyCount "70"]
[EventDate "2024.06.15"]
[EventType "swiss (rapid)"]
[EventRounds "9"]
[EventCountry "NED"]
[SourceTitle "CBM 220 Extra"]
[Source "ChessBase"]
[SourceDate "2024.07.31"]
[SourceVersion "1"]
[SourceVersionDate "2024.07.31"]
[SourceQuality "1"]

1. e4 c5 2. Nf3 Nf6 3. Nc3 d6 4. d4 cxd4 5. Nxd4 e6 6. Be3 a6 7. f3 Be7 8. Qd2 b5 9. 0-0-0 Qc7 10. g4 h6 11. h4 Nc6 12. Kb1 Nd7 13. Be2 Nb6 14. g5 Ne5 15. Rdg1 Nbc4 16. Bxc4 Nxc4 17. Qf2 Nxe3 18. Qxe3 Bd7 19. gxh6 gxh6 20. Rg2 0-0-0 21. f4 Qc5 22. Qd2 Kb8 23. Nde2 Bc6 24. Ng3 f5 25. Re2 b4 26. Nd1 Rhg8 27. Rh3 fxe4 28. Nxe4 Qb6 29. Rb3 d5 30. Nef2 Bb5 31. Re5 Rg1 32. Re1 Rdg8 33. Rbe3 Rxe1 34. Qxe1 Bd7 35. Nd3 Bd6 0-1

[Event "Groningen Combinatie op"]
[Site "Groningen"]
[Date "2024.05.12"]
[Round "7"]
[White "Kliashtornyi, Arkadii"]
[Black "Grooten, Tommy"]
[Result "0-1"]
[WhiteElo "1967"]
[BlackElo "2094"]
[PlyCount "148"]
[EventDate "2024.05.09"]
[EventType "swiss"]
[EventRounds "7"]
[EventCountry "NED"]
[SourceTitle "CBM 220 Extra"]
[Source "ChessBase"]
[SourceDate "2024.07.31"]
[SourceVersion "1"]
[SourceVersionDate "2024.07.31"]
[SourceQuality "1"]

1. d4 Nf6 2. g3 c5 3. d5 b5 4. a4 Bb7 5. Bg2 b4 6. c4 g6 7. b3 Bg7 8. Bb2 d6 9. Nh3 e5 10. 0-0 0-0 11. e4 Nbd7 12. Nd2 h6 13. Qc2 Nh7 14. Rae1 Qc7 15. f3 Rae8 16. Nf2 f5 17. exf5 gxf5 18. Bh3 f4 19. Bxd7 Qxd7 20. g4 Bc8 21. Kg2 Qe7 22. Nde4 Bf6 23. Rg1 Bh4 24. Re2 Kh8 25. Kf1 Bxf2 26. Rxf2 Rg8 27. Rfg2 Rg7 28. Ke1 Ng5 29. Nxg5 hxg5 30. h4 gxh4 31. Rh1 Rh7 32. Rgh2 Kg7 33. Qf2 Reh8 34. Rh3 Kg6 35. Kd1 Kg5 36. Re1 Rh6 37. Bc1 Qh7 38. Qc2 Qxc2+ 39. Kxc2 Rg8 40. Kd3 Bd7 41. Bd2 a5 42. Re2 Be8 43. Re4 Bd7 44. Re2 Rgg6 45. Ke4 Rg7 46. Kd3 Re7 47. Bc1 Rh8 48. Bd2 Rhh7 49. Bc1 Rh8 50. Bd2 Rhe8 51. Ke4 Rb8 52. Be1 Rh8 53. Reh2 Be8 54. Kd3 Bg6+ 55. Kd2 Reh7 56. Re2 e4 57. fxe4 Kxg4 58. Rh1 f3 59. Re3 Kf4 60. Kd3 Re8 61. Bd2 Kg4 62. Rg1+ Kh5 63. Rf1 Rhe7 64. Kc2 Bxe4+ 65. Kc1 Rf7 66. Be1 Rf4 67. Bf2 Rg8 68. Kd2 Rg2 69. Ke1 h3 70. Rh1 Kg4 71. Kf1 Bc2 72. Be1 Rd4 73. Rxf3 Bd3+ 74. Rxd3 Rxd3 0-1

[Event "Groningen Combinatie op"]
[Site "Groningen"]
[Date "2024.05.11"]
[Round "5"]
[White "Wempe, Joost"]
[Black "Grooten, Tommy"]
[Result "1-0"]
[WhiteElo "2287"]
[BlackElo "2094"]
[PlyCount "94"]
[EventDate "2024.05.09"]
[EventType "swiss"]
[EventRounds "7"]
[EventCountry "NED"]
[SourceTitle "CBM 220 Extra"]
[Source "ChessBase"]
[SourceDate "2024.07.31"]
[SourceVersion "1"]
[SourceVersionDate "2024.07.31"]
[SourceQuality "1"]

1. d4 Nf6 2. Nf3 c5 3. d5 g6 4. Nc3 d6 5. e4 Bg7 6. h3 0-0 7. Bd3 b5 8. Nxb5 c4 9. Bxc4 Nxe4 10. 0-0 Nd7 11. Bd3 Nec5 12. Nbd4 Bb7 13. c4 e5 14. dxe6 fxe6 15. Be2 e5 16. Nb5 e4 17. Nfd4 Ne5 18. f4 Ned3 19. Nb3 Qb6 20. Be3 Rad8 21. Bxd3 exd3 22. Nc3 Rfe8 23. Bf2 Re2 24. Nd5 Bxd5 25. cxd5 Rxb2 26. Rc1 Rxf2 27. Rxf2 Ne4 28. Qf3 Nxf2 29. Qxf2 Re8 30. Qxb6 axb6 31. Rd1 Re2 32. Rd2 Re4 33. g3 Ra4 34. Kf2 Bc3 35. Rxd3 Rxa2+ 36. Kf3 Bb4 37. Nd4 Bc5 38. Ne6 Kf7 39. Rb3 h5 40. g4 Rh2 41. Ke4 Rg2 42. gxh5 gxh5 43. Nxc5 bxc5 44. Kf5 Re2 45. Rb6 Ke7 46. Rb7+ Ke8 47. Kf6 Kf8 1-0

[Event "Groningen Combinatie op"]
[Site "Groningen"]
[Date "2024.05.10"]
[Round "3"]
[White "Bruggink, Tycho"]
[Black "Grooten, Tommy"]
[Result "1/2-1/2"]
[WhiteElo "1962"]
[BlackElo "2094"]
[PlyCount "63"]
[EventDate "2024.05.09"]
[EventType "swiss"]
[EventRounds "7"]
[EventCountry "NED"]
[SourceTitle "CBM 220 Extra"]
[Source "ChessBase"]
[SourceDate "2024.07.31"]
[SourceVersion "1"]
[SourceVersionDate "2024.07.31"]
[SourceQuality "1"]

1. e4 c5 2. Nc3 Nc6 3. Bb5 g6 4. Bxc6 dxc6 5. d3 Bg7 6. Be3 b6 7. Qd2 e5 8. f4 Nf6 9. fxe5 Ng4 10. Bg5 Qc7 11. Nf3 0-0 12. 0-0-0 a5 13. d4 cxd4 14. Qxd4 Be6 15. Qd6 Rfc8 16. Qxc7 Rxc7 17. Rd8+ Rxd8 18. Bxd8 Rb7 19. Na4 Nxe5 20. Nxe5 Bxe5 21. Bxb6 c5 22. Bxc5 Bd7 23. Nb6 Bc6 24. Nc4 Bf4+ 25. Be3 Rb4 26. Bxf4 Rxc4 27. Rf1 Bxe4 28. Rf2 Bxc2 29. Rxc2 Rxf4 30. Kd2 Kg7 31. Ke3 Rf5 32. Rc4 1/2-1/2

[Event "World ol U16"]
[Site "Eindhoven"]
[Date "2023.08.17"]
[Round "7.22"]
[White "Poon, Yu"]
[Black "Grooten, Tommy"]
[Result "1-0"]
[WhiteElo "1419"]
[BlackElo "1908"]
[PlyCount "105"]
[EventDate "2023.08.13"]
[EventType "team-swiss"]
[EventRounds "9"]
[EventCountry "NED"]
[SourceTitle "CBM 215 Extra"]
[Source "ChessBase"]
[SourceDate "2023.09.30"]
[SourceVersion "1"]
[SourceVersionDate "2023.09.30"]
[SourceQuality "1"]
[WhiteTeam "Hong Kong"]
[BlackTeam "Netherlands IV"]
[WhiteTeamCountry "HKG"]
[BlackTeamCountry "NED"]

1. e4 c5 2. Nf3 e6 3. d4 cxd4 4. Nxd4 a6 5. c4 Qc7 6. a3 Nf6 7. Nc3 d6 8. Be3 Nbd7 9. Be2 b6 10. 0-0 Bb7 11. f3 Be7 12. Rc1 Rc8 13. Qd2 Qb8 14. b4 Bd8 15. Rfd1 Bc7 16. h3 0-0 17. Qe1 Rfe8 18. Qf2 d5 19. cxd5 exd5 20. Nf5 dxe4 21. fxe4 Nf8 22. Nd5 Bxd5 23. exd5 Bh2+ 24. Kh1 Rxc1 25. Bxc1 Ne4 26. Qf3 Bg3 27. Rf1 Qe5 28. Nh6+ gxh6 29. Qxf7+ Kh8 30. Bb2 Qxb2 31. Qxe8 Nf6 32. Qxf8+ Ng8 33. Bg4 Qg7 34. Be6 Be5 35. Qxg8+ Qxg8 36. Bxg8 Kxg8 37. Re1 Bd4 38. d6 Kf7 39. d7 Bf6 40. Rf1 Ke7 41. Rxf6 Kxd7 42. Rxh6 a5 43. Rxb6 axb4 44. Rxb4 Ke6 45. a4 h6 46. a5 h5 47. a6 h4 48. a7 Kd7 49. a8Q Kd6 50. Qa5 Ke7 51. Rb6 Kd8 52. Qa7 Kc8 53. Rb8# 1-0

[Event "World ol U16"]
[Site "Eindhoven"]
[Date "2023.08.15"]
[Round "4.22"]
[White "Muto, Yuhiro"]
[Black "Grooten, Tommy"]
[Result "1/2-1/2"]
[WhiteElo "1748"]
[BlackElo "1908"]
[PlyCount "58"]
[EventDate "2023.08.13"]
[EventType "team-swiss"]
[EventRounds "9"]
[EventCountry "NED"]
[SourceTitle "CBM 215 Extra"]
[Source "ChessBase"]
[SourceDate "2023.09.30"]
[SourceVersion "1"]
[SourceVersionDate "2023.09.30"]
[SourceQuality "1"]
[WhiteTeam "Japan"]
[BlackTeam "Netherlands IV"]
[WhiteTeamCountry "JPN"]
[BlackTeamCountry "NED"]

1. e4 c5 2. Nf3 e6 3. c3 Nf6 4. e5 Nd5 5. d4 cxd4 6. cxd4 d6 7. Bc4 Nc6 8. 0-0 Qc7 9. Qe2 Be7 10. Na3 a6 11. Qe4 Ndb4 12. Qg4 g6 13. Bh6 dxe5 14. Bg7 Rg8 15. Bxe5 Nxe5 16. Nxe5 Bd6 17. Rac1 Qe7 18. Qf3 Kf8 19. Bb3 Kg7 20. Nac4 Bc7 21. Nd2 Rd8 22. Nxf7 Rf8 23. Qc3 Rxf7 24. d5+ Kg8 25. dxe6 Bxe6 26. Rfe1 Bxh2+ 27. Kxh2 Qh4+ 28. Kg1 Qxf2+ 29. Kh1 Qh4+ 1/2-1/2

[Event "Eindhoven WLC op 13th"]
[Site "Eindhoven"]
[Date "2023.05.06"]
[Round "3"]
[White "Smit, Maarten"]
[Black "Grooten, Tommy"]
[Result "1-0"]
[WhiteElo "2033"]
[BlackElo "1901"]
[PlyCount "111"]
[EventDate "2023.05.05"]
[EventType "swiss"]
[EventRounds "6"]
[EventCountry "NED"]
[SourceTitle "CBM 214 Extra"]
[Source "ChessBase"]
[SourceDate "2023.07.31"]
[SourceVersion "1"]
[SourceVersionDate "2023.07.31"]
[SourceQuality "1"]

1. c4 e5 2. g3 Nf6 3. Bg2 d5 4. cxd5 Nxd5 5. Nc3 Nb6 6. Nf3 Nc6 7. 0-0 Be7 8. d3 0-0 9. a3 Re8 10. b4 Bf8 11. Bb2 Bg4 12. Rc1 Nd4 13. e3 Nxf3+ 14. Bxf3 Bxf3 15. Qxf3 c6 16. Rfd1 Nd5 17. d4 Nxc3 18. Rxc3 e4 19. Qe2 Qd5 20. Qc4 Red8 21. Rdc1 Qxc4 22. Rxc4 Rd5 23. Rb1 f5 24. Bc1 Bd6 25. Rc2 Kf7 26. Bd2 Ke6 27. a4 a6 28. b5 axb5 29. axb5 Rxb5 30. Rxb5 cxb5 31. Rb2 b4 32. Bxb4 Bxb4 33. Rxb4 Rb8 34. Kf1 b6 35. Ke2 g5 36. f3 b5 37. fxe4 fxe4 38. g4 Kd5 39. Kd2 h6 40. Ke2 Kc6 41. Kd2 Ra8 42. Rb2 Ra4 43. Rc2+ Rc4 44. Rxc4+ bxc4 45. Kc3 Kb5 46. d5 Kc5 47. d6 Kxd6 48. Kxc4 Kc6 49. Kd4 Kd6 50. Kxe4 Ke6 51. h3 Ke7 52. Kf5 Kf7 53. e4 Kg7 54. Ke6 Kg6 55. e5 h5 56. Kd7 1-0